000 00430nab a2200145Ia 4500
003 ES-SlBCS
005 20210601141139.0
008 140529s2011 xxu||||| |||| 00| 0 spa d
041 _aspa
100 1 _aGarcía Moriyón, FéLIX
_966757
245 0 0 _a¿Es rentable la educación?
_c Félix García Moriyón
650 0 4 _aMeritocracia
_9162017
773 0 _tDocumentacion Social
_gnº. 163, 2011, págs. 63-84
_wRev166
942 _cAR
999 _c655956
_d655956